000 00397cam a2200157ua 4500
041 _aeng
_h
082 _a821
_bCAW/PE
100 _aCawley, A C .
245 _aPearl and sir Gawain and the green knight /
_cA C Cawley.
_hTextual Documents
250 _a1 /
_b.
260 _aLondon :
_bJ M Dent and sons ltd ,
_c1962.
300 _a166 ; .
504 _a
942 _cBK
999 _c4052
_d4052